000 00521 a2200181 4500
999 _c8200
_d8200
020 _a9780495569039
050 _aD20
100 _aDuiker, W
_eAuthor
245 _aWorld History
_cWilliam J. Duiker, Jackson J. Spielvogel
250 _aSixth edition
264 _aBoston
_bWadsworth
_c2010
300 _aIncludes glossary, pronunciation guide, and index
_bill(col)
500 _aIncludesindex
650 _aHistory
651 _aAfrica
700 _aJackson J. Spielvogel
_eAuthor
942 _2lcc
_cBK
_eSixth
_h20
_iDUI
_kD